000 00909nam a22002777a 4500
001 7062
003 FISKH
005 20250619151651.0
008 250619b cb ||||| |||| 00| 0 eng d
020 _a071001003505
040 _aFISKH
_beng
_cFISKH
_dFISKH
050 _aPZ7.C5792 M
082 _a813.36
100 _aCleary, Beverly
_d (1916–2021)
245 _aThe motorcycle /
_cBeverly Cleary ; Illustrated by Louis Darling
250 _aThis edition first published in 1990
260 _aNew York :
_bAn Avon,
_c1965
300 _a158 pages :
_billustrations ;
_c20 cm
505 _aW
520 _aA reckless young mouse named Ralph makes friends with a boy in room 215 of the Mountain View Inn and discovers the joys of motorcycling.
650 _2Animals
_aBeverly Cleary
650 _2Mice
_aYoung adult
700 _aDarling, Louis
_dillustrator
942 _2ddc
_cBK
_n0
999 _c7062
_d7062